书目信息 |
| 题名: |
观战笔记
|
|
| 作者: | 朱增泉 著 | |
| 分册: | ||
| 出版信息: | 武汉 长江文艺出版社 2005.05 |
|
| 页数: | 226页 | |
| 开本: | 20cm | |
| 丛书名: | ||
| 单 册: | ||
| 中图分类: | I267 | |
| 科图分类: | ||
| 主题词: | 散文--中国 , 散文--作品综合集--中国 | |
| 电子资源: | ||
| ISBN: | 7-5354-2977-7 | |
| 000 | 00721nam0 2200217 450 | |
| 001 | 0932986007 | |
| 005 | 20091202091131.59 | |
| 010 | @a7-5354-2977-7@dCNY23.00 | |
| 100 | @a20091202d2005 km y0chiy0120 ea | |
| 101 | 0 | @achi |
| 102 | @aCN@b420000 | |
| 200 | 1 | @a观战笔记@Aguan zhan bi ji@e一个中国将军眼中的未来战争@f朱增泉著@Fzhu zeng quan zhu |
| 210 | @a武汉@c长江文艺出版社@d2005.05 | |
| 215 | @a226页@d20cm | |
| 517 | 1 | @a一个中国将军眼中的未来战争@Ayi ge zhong guo jiang jun yan zhong de wei lai zhan zheng |
| 606 | 0 | @a散文@x中国 |
| 606 | 0 | @a散文@x作品综合集@x中国 |
| 690 | @aI267@v4 | |
| 701 | 0 | @a朱增泉@Azhu zeng quan@4著 |
| 801 | 0 | @aCN@b大连网信软件有限公司图书馆·11@c20091202 |
| 905 | @aZUCC@dI267@eZ8901 | |
| 观战笔记:一个中国将军眼中的未来战争/朱增泉著.-武汉:长江文艺出版社,2005.05 |
| 226页;20cm |
| ISBN 7-5354-2977-7:CNY23.00 |
| ● |
| 相关链接 |
|
|
|
正题名:观战笔记
索取号:I267/Z8901
 
预约/预借
| 序号 | 登录号 | 条形码 | 馆藏地/架位号 | 状态 | 备注 |
| 1 | 894831 | 208948317 | 文学库116/116文学库 9排1列4层/ [索取号:I267/Z8901] | 在馆 | |
| 2 | 894832 | 208948326 | 社科二线422/116文学库 9排1列4层/ [索取号:I267/Z8901] | 在馆 | |
| 3 | 894833 | 208948335 | 文学库116/116文学库 9排1列4层/ [索取号:I267/Z8901] | 在馆 |